565 juegos y tareas de iniciación deportiva adaptada a las personas con discapacidad /

Bibliographic Details
Other Authors: Ríos Hernández, Mercedes (Editor)
Format: Electronic eBook
Language:Spanish
Published: Barcelona : Editorial Paidotribo, [2015]
Edition:Primera edición.
Subjects:
Online Access:Digitalia Hispánica

MARC

LEADER 00000nam a2200000Ii 4500
001 DIGEDPBR0009
003 NyNyDIG
006 m o d
007 cr |||||||||||
008 251203s2015 sp a ob 000 0 spa d
035 |a (OCoLC)1027202453 
040 |a DGITA  |b eng  |e rda  |e pn  |c DGITA 
020 |a 9788419824073  |q ePub 
020 |z 9788480199001 
050 1 4 |a GV445 ebook 
245 0 0 |a 565 juegos y tareas de iniciación deportiva adaptada a las personas con discapacidad /  |c Mercedes Ríos Hernández (coordinadora). 
246 3 |a Quinientos sesenta y cinco juegos y tareas de iniciación deportiva adaptada a las personas con discapacidad 
250 |a Primera edición. 
264 1 |a Barcelona :  |b Editorial Paidotribo,  |c [2015] 
300 |a 1 online resource :  |b illustrations. 
336 |a text  |b txt  |2 rdacontent 
337 |a computer  |b c  |2 rdamedia 
338 |a online resource  |b cr  |2 rdacarrier 
347 |a text file  |2 rdaft 
347 |b EPUB 
504 |a Includes bibliographical references. 
588 0 |a Online resource; title from ePub title page (Digitalia, viewed December 3, 2025) 
650 0 |a Physical education for people with disabilities. 
650 0 |a People with disabilities. 
650 0 |a Children with disabilities. 
700 1 |a Ríos Hernández, Mercedes,  |e editor. 
791 2 |a Digitalia (Firm),  |e distributor. 
793 0 |g Digitalia eBook Collection:  |a Editorial Paidotribo 
776 0 8 |i Print version:  |t 565 juegos y tareas de iniciación deportiva adaptada a las personas con discapacidad.  |b Primera edición.  |d Barcelona : Editorial Paidotribo, [2015]  |z 9788480199001 
856 4 0 |3 Digitalia Hispánica  |u https://www.digitaliapublishing.com/a/159657/ 
910 |a Premium collection: 2025